Tôi và em

Gespeichert in:
Bibliographische Detailangaben
1. Verfasser: Hoàng Ngọc Tuấn
Format: Buch
Sprache:Undetermined
Veröffentlicht: Tp. HCM Trẻ 1994
Schlagworte:
Tags: Tag hinzufügen
Keine Tags, Fügen Sie den ersten Tag hinzu!
Thư viện lưu trữ: Trung tâm Học liệu Trường Đại học Cần Thơ
LEADER 00464nam a2200181Ia 4500
001 CTU_53131
008 210402s9999 xx 000 0 und d
020 |b 12000 
082 |a 895.9223 
082 |b T502 
100 |a Hoàng Ngọc Tuấn 
245 0 |a Tôi và em 
245 0 |c Hoàng Ngọc Tuấn 
260 |a Tp. HCM 
260 |b Trẻ 
260 |c 1994 
650 |a vietnamese fiction 
980 |a Trung tâm Học liệu Trường Đại học Cần Thơ